000 00290nam a22001217a 4500
008 211014b ||||| |||| 00| 0 eng d
041 _aeng
080 _a611
100 _a6
101 _aANA
245 _aFundamental Cardiovascular and Pulmonary Physiology
_cGreen,J.F
942 _2udc
_cBK
999 _c58222
_d58222